Anyone but Bill Clinton Quiz Stats

 Plays Quiz Updated Jan 20, 2021

Support Sporcle.
Go Orange.
Score 0/44 Timer 04:00
3 Plays Today
Hint Answer % Correct
Were Born After World War II EndedBarack Obama
98.1%
Were Time Magazine's Person of the Year Multiple TimesBarack Obama
98.1%
Served at Least Two Full TermsBarack Obama
98.1%
Did Not Serve in the MilitaryBarack Obama
98.1%
Were ImpeachedDonald Trump
98%
Were Time Magazine's Person of the Year Multiple TimesGeorge W. Bush
97.9%
Served at Least Two Full TermsGeorge W. Bush
97.9%
Were Born After World War II EndedGeorge W. Bush
97.9%
Were Time Magazine's Person of the Year Multiple TimesFranklin D. Roosevelt
93.8%
Served at Least Two Full TermsFranklin D. Roosevelt
93.8%
Did Not Serve in the MilitaryFranklin D. Roosevelt
93.8%
Were Born After World War II EndedDonald Trump
93%
Did Not Serve in the MilitaryDonald Trump
93%
Have a 'C' SurnameJimmy Carter
91.1%
Were Time Magazine's Person of the Year Multiple TimesRichard Nixon
90.2%
Were ImpeachedAndrew Johnson
89.4%
Were Time Magazine's Person of the Year Multiple TimesLyndon B. Johnson
89.2%
Were Time Magazine's Person of the Year Multiple TimesRonald Reagan
88.3%
Served at Least Two Full TermsRonald Reagan
88.3%
Did Not Serve in the MilitaryJohn Adams
85%
Did Not Serve in the MilitaryJohn Quincy Adams
84.9%
Served at Least Two Full TermsGeorge Washington
84.8%
Hint Answer % Correct
Have a 'C' SurnameCalvin Coolidge
83.7%
Did Not Serve in the MilitaryCalvin Coolidge
83.7%
Were Time Magazine's Person of the Year Multiple TimesDwight D. Eisenhower
82.2%
Served at Least Two Full TermsDwight D. Eisenhower
82.2%
Served at Least Two Full TermsThomas Jefferson
81.4%
Did Not Serve in the MilitaryThomas Jefferson
81.4%
Served at Least Two Full TermsAndrew Jackson
75.7%
Were Time Magazine's Person of the Year Multiple TimesHarry S. Truman
74.3%
Have a 'C' SurnameGrover Cleveland
73.8%
Served at Least Two Full TermsGrover Cleveland
73.8%
Did Not Serve in the MilitaryGrover Cleveland
73.8%
Served at Least Two Full TermsWoodrow Wilson
72%
Did Not Serve in the MilitaryWoodrow Wilson
72%
Served at Least Two Full TermsJames Madison
70.4%
Served at Least Two Full TermsJames Monroe
69.5%
Did Not Serve in the MilitaryHerbert Hoover
68.3%
Served at Least Two Full TermsUlysses S. Grant
67.7%
Did Not Serve in the MilitaryWilliam H. Taft
67.2%
Did Not Serve in the MilitaryJames K. Polk
63.3%
Did Not Serve in the MilitaryJoe Biden
62.6%
Did Not Serve in the MilitaryMartin Van Buren
58.7%
Did Not Serve in the MilitaryWarren G. Harding
48.7%

From the Vault

The 3rd Thing You Need to Know: World Leaders

by MrWhiplash

History 4m
These are like third string facts.
Remove Ads.
Support Sporcle.
Get the best of Sporcle when you Go Orange. This ad-free experience offers more features, more stats, and more fun while also helping to support Sporcle. Thank you for becoming a member.

Show Comments

Extras

Top Quizzes Today


Score Distribution

Your Account Isn't Verified!

In order to create a playlist on Sporcle, you need to verify the email address you used during registration. Go to your Sporcle Settings to finish the process.

Report this User

Report this user for behavior that violates our Community Guidelines.

Details: